000 00574nam a22001937a 4500
005 20251108173120.0
008 250721s2004 xx 000 0 ara d
082 1 4 _aط/363.1/على
245 1 0 _aعلى الطريق /
264 1 _aالقاهرة :
_bالدار الحديثة،
_c2004.
300 _a16ص
490 0 _aحقائق المخلوقات
650 1 7 _aالسلامة على الطرق
650 1 7 _aحدود السرعة
650 1 7 _aمنع الحوادث
653 _aمرحلة متوسطة (6-9 سنوات )
942 _2ddc
_cBK
999 _c96412
_d96412